000 00582nam a2200169 i 4500
001 73538
003 ES-MaACL
005 20230906171838.0
007 t|
008 040908s1969 sp ||||1| spa d
100 1 _aGómez Moreno, Hermenegildo.
_958065
245 1 0 _aNotas históricas alrededor de la imagen de la Santísima Virgen del Prado /
_cpor Hermenegildo Gómez Moreno ; prólogo de Cecilio López Pastor.
260 _aCiudad Real :
_bCalatrava,
_c1969.
300 _a262 p. ;
_c24 cm.
700 1 _aLópez Pastor, Cecilio.
_973867
852 _aES-MaACL
_jC-44487
_bR.78755
999 _c73538
_d73538